banner-ar

Djekhy & son : (Record no. 60723)

MARC details
000 -الفاتح
حقل البيانات ثابتة الطول 02647cam a2200445 a 4500
005 - وقت وتاريخ اخر تعامل مع التسجيلة
رقم الضبط 20240530110424.0
008 - عناصر البيانات ثابتة الطول - معلومات عامة
حقل البيانات ثابتة الطول 130108s2012 ua ab b 001 0 eng d
010 ## -
-- 2012537016
020 ## - الرقم الدولى المعيارى للكتب
الرقم الدولى المعيارى للكتاب 9789774164774
020 ## - الرقم الدولى المعيارى للكتب
الرقم الدولى المعيارى للكتاب 9774164776
020 ## - الرقم الدولى المعيارى للكتب
الرقم الدولى المعيارى للكتاب 9789774165696 (pbk.)
035 ## - رقم ضبط النظام
رقم ضبط النظام (OCoLC)ocn721887494
040 ## - مصدر الفهرسة
وكالة الفهرسة الأصلية EG-CaGPL
وكالة النسخ EG-CaGPL
042 ## -
-- lccopycat
043 ## - رمز المنطقة الجغرافية
رمز المنطقة الجغرافية f-ua---
082 04 - رقم تصنيف ديوى العشرى
رقم الطبعة 21
رقم التصنيف 650.0932
رقم المادة CC/H D
100 1# - المدخل الرئيسى - إسم شخصى
الإسم الشخصى Donker van Heel, K.
الشكل الأكمل للاسم (Koenraad)
245 10 - بيان العنوان
العنوان Djekhy & son :
بقية العنوان doing business in Ancient Egypt /
بيان المسئوليه,etc Koenraad Donker van Heel.
246 3# - العنوان الموازى
عنوان صحيح/عنوان مختصر Djekhy and son : doing business in Ancient Egypt
260 ## - PUBLICATION, DISTRIBUTION, ETC. (IMPRINT)
تاريخ النشر أو التوزيع 2012.
300 ## - الوصف المادى
التعداد xvii, 193 p. :
تفاصيل ماديه اخرى للوعاء ill, maps ;
أبعاد الوعاء 24 cm.
500 ## - تبصرة عامة
تبصرة عامة "Dar el Kutub No. 24398/11."--Title page verso.
504 ## - تبصرة ببليوجرافية
تبصرة ببليوجرافية,الخ Includes bibliographical references (p. 173-175) and index.
650 #0 - المدخل الاضافى بالموضوع-مصطلح موضوعى
مصطلح موضوعي Business enterprises
التقسيم الفرعي الجغرافي Egypt
التقسيم الفرعي العام History
التقسيم الفرعي الشكلي Sources.
650 #0 - المدخل الاضافى بالموضوع-مصطلح موضوعى
مصطلح موضوعي Businessmen
التقسيم الفرعي الجغرافي Egypt
التقسيم الفرعي العام History
التقسيم الفرعي الشكلي Sources.
650 #0 - المدخل الاضافى بالموضوع-مصطلح موضوعى
مصطلح موضوعي Egyptian language
التقسيم الفرعي الشكلي Papyri.
650 07 - المدخل الاضافى بالموضوع-مصطلح موضوعى
مصطلح موضوعي Markt.
-- (DE-588)4037621-7
مصدر الرأس أو المصطلح gnd
650 07 - المدخل الاضافى بالموضوع-مصطلح موضوعى
مصطلح موضوعي Vertrag.
-- (DE-588)4063270-2
مصدر الرأس أو المصطلح gnd
650 07 - المدخل الاضافى بالموضوع-مصطلح موضوعى
مصطلح موضوعي Wirtschaft.
-- (DE-588)4066399-1
مصدر الرأس أو المصطلح gnd
651 #0 - المدخل الاضافى بالموضوع - اسم جغرافى
الاسم الجغرافي Egypt
التقسيم الفرعي العام Civilization
التقسيم الفرعي الشكلي Sources.
651 #0 - المدخل الاضافى بالموضوع - اسم جغرافى
الاسم الجغرافي Egypt
التقسيم الفرعي العام Antiquities.
651 #7 - المدخل الاضافى بالموضوع - اسم جغرافى
مواد محددة (DE-588)4068430-1
الاسم الجغرافي Ägypten (Altertum)
مصدر الرأس أو المصطلح gnd
942 ## - عناصر المدخل الإضافي( كوها)
مصدر التصنيف او مخطط الترفيف Dewey Decimal Classification
Koha [default] item type كتاب
260 ## - PUBLICATION, DISTRIBUTION, ETC. (IMPRINT)
-- Cairo, Egypt :
-- American University in Cairo Press
520 ## - التبصرة الخاصة بالتعليق أو التلخيص
ملخص,الخ "Djekhy & Son, two businessmen living 2500 years ago in the densely populated neighborhoods built around the great temple of Amun at Karnak, worked as funerary service providers in the necropolis on the western bank of the Nile. They were also successful agricultural entrepreneurs, cultivating flax and grain. In 1885, the German Egyptologist August Eisenlohr acquired a unique collection of papyri that turned out to be Djekhy's archive of mainly legal documents. Using this rich trove of evidence, augmented by many other sources, the author has painted a vivid picture of life in ancient Egypt between 570 and 534 BCE, during the little-known Saite period. Approaching the subject from both business and personal aspects, he gives us a fresh look at some facets of ancient Egypt that have mostly been hidden from view-such as putting up one's children as security for a loan."--Publisher description.
856 42 - الوصول و الموقع الالكترونى
مواد محددة Contributor biographical information
معرف المصدر الموحد http://www.loc.gov/catdir/enhancements/fy1318/2012537016-b.html
856 42 - الوصول و الموقع الالكترونى
مواد محددة Publisher description
معرف المصدر الموحد http://www.loc.gov/catdir/enhancements/fy1318/2012537016-d.html
856 41 - الوصول و الموقع الالكترونى
مواد محددة Table of contents only
معرف المصدر الموحد http://www.loc.gov/catdir/enhancements/fy1403/2012537016-t.html
Holdings
حالة التراجع حالة الفقد مصدر التصنيف او خطة الترفيف حالة تلف ليس للاعارة المكان المؤقت الموقع الحالى تاريخ الاكتساب اجمالي اﻻعارات رقم الطلب الباركود تاريخ اخر مشاهدة تاريخ تفعيل السعر نوع وعاء كوها
    ddc     مكتبة القاهرة الكبرى مكتبة القاهرة الكبرى 03/22/2015   650.0932 CC/H D 159830 03/22/2015 03/22/2015 كتاب

Powered By

EGPV